000 00415 a2200169 4500
001 69662
020 _a8532256740
040 _cAnchieta - Itaigara
100 _aCruz, Therezinha M. L. da
240 1 0 _aIguais e diferentes, para viver melhor
_lpor
245 1 0 _aIguais e diferentes, para viver melhor
300 _a47
362 0 _a2005
440 1 _aFTD
650 4 _aLiteratura infanto-juvenil
942 _cBK
999 _c69662
_d69662